Estudios sobre Ortega y Gasset

Sparad:
Bibliografiska uppgifter
Huvudupphovsman: Quiles, Ismael (Författare, medförfattare)
Materialtyp: Bok
Språk:spanska
Publicerad: Buenos Aires Depalma 1991
Serie:Obras de Ismael Quiles, 21
Ämnen:
Taggar: Lägg till en tagg
Inga taggar, Lägg till första taggen!

MARC

LEADER 00000nam a2200000 a 4500
001 UCY7763
003 CL-VaPUC
005 20221118125317.0
008 950622e19910000AG |||||||||||||||||spa|d
999 |c 235082  |d 235080 
040 |c Pontificia Universidad Católica de Valparaíso 
082 0 4 |a 201  |b QUI  |2 21 
100 0 |a Quiles, Ismael  |e author  |9 338520 
245 1 0 |a Estudios sobre Ortega y Gasset 
260 |a Buenos Aires  |b Depalma  |c 1991 
300 |a 99 p 
490 0 |a Obras de Ismael Quiles, 21 
583 |a last modification  |c 19950622 00:00:00  |k Rodrigo Vera 
600 |a Ortega y Gasset, José,  |d 1883-1955  |9 551380 
650 0 |a Filosofía española   |9 254895 
942 |c BK  |2 ddc 
945 |d 19950622 00:00:00  |a aalvarez 
952 |0 0  |1 0  |4 0  |6 201_000000000000000_QUI_1991  |7 0  |8 A  |9 242232  |a BIBTEO  |b BIBTEO  |d 2019-11-18  |i 3094170  |o 201 QUI 1991  |p 3094170  |r 2024-01-18  |w 2019-11-18  |y BK  |k ICR